000 00172nam a22000857a 4500
082 _a823
100 _aRAJ VISWANANDE
245 _aCHOTTA BHEEM IN USO AT DHOLAKPUR
942 _cBK
999 _c8401
_d8401